| 000 | 00942cam a22002893a 4500 | ||
|---|---|---|---|
| 001 | 710 | ||
| 003 | PGUSA | ||
| 005 | 20140828082951.0 | ||
| 008 | 961101s1996||||xxu|||||s|||||000 1 eng d | ||
| 040 |
_aPGUSA _beng |
||
| 042 | _adc | ||
| 050 | 4 | _aPS | |
| 100 | 1 |
_aLondon, Jack, _d1876-1916 |
|
| 245 | 1 | 0 |
_aLove of Life, and other stories _h[electronic resource] / _cJack London |
| 260 |
_bProject Gutenberg, _c1996 |
||
| 505 | 0 | _aLove of life -- A day's lodging -- The white man's way -- The story of Keesh -- The unexpected -- Brown Wolf -- The sun-dog trail -- Negore, the coward. | |
| 506 | _aPublic domain in the USA. | ||
| 516 | _aElectronic text | ||
| 653 | _aAdventure stories, American | ||
| 653 | _aWestern stories | ||
| 653 | _aFiction | ||
| 653 | _aShort stories | ||
| 700 | 1 |
_aBull, Charles Livingston, _d1874-1932 |
|
| 830 | 0 |
_aProject Gutenberg _v710 |
|
| 856 | 4 | 0 | _uhttp://www.gutenberg.org/ebooks/710 |
| 942 | _cEB | ||
| 999 |
_c230061 _d230061 |
||